LEADER 01397nam a2200301 u 4500 001 000000065420 003 CaOOAMICUS 005 20070226121450.0 008 011206s1998 fr u000 u fre u 020 $a2204058238 035 $a10913032 040 $aPUL$bita 100 1 $aMédevielle, Geneviève.$0(OLS)http://pul/name/44064 245 12$aL'absolu au coeur de l'histoire :$bla notion de compromis chez Ernst Troeltsch /$cGeneviève Médevielle ; préface par Mgr Joseph Doré .. 260 $aParis :$bCerf,$c1998. 300 $avii, 396 p. ;$c23 cm 490 1 $aCogitatio fidei ;$v206 504 $a"Bibliographie": p. [369]-392. 600 14$aTroeltsch, Ernst,$d1865-1923.$0(OLS)http://pul/subject/19631 830 0$aCogitatio fidei ;$v206.$0(OLS)http://pul/title/876 850 $aPUL 852 $aPUL$W1$xSL Religione 2$y84$mTheol A13 206$j84708$nBK-PRI$b $qStampati altre collocazioni$B84708$CPULBib$Z2$F84708 $H $81 852 $aPUL$W1$xDP1 Fondo Bordoni$y120$m3 E 90.206$j173047$qFondi$B175058$CPULBib$Z2$F175058 $HBor980 $81 941 1 $a1 941 1 $a10 996 $6020$a2204058238$9(OLS)http://pul/number/84844 996 $6245$aL'absolu au coeur de l'histoire :$bla notion de compromis chez Ernst Troeltsch$9(OLS)http://pul/title/87028 996 $6260$aParis :$bCerf$9(OLS)http://pul/publisher/48238 LEADER 01195nam a2200277 u 4500 001 000000087815 003 CaOOAMICUS 005 20070226124439.0 008 051020s1952 fr u000 u fre u 035 $a11064893 040 $aPUL(R)$bita 100 1 $aGaucheron, M.$0(OLS)http://pul/name/57235 245 12$aL'église de france et la communion des enfants :$bquarante ans aprés le décret de Pie X /$cM. Gaucheron. 260 $aParis :$bLes Éditions du Cerf,$c1952. 300 $a142 p. ;$c19 cm 490 1 $aRencontres ;$v38 650 4$aEucaristia.$0(OLS)http://pul/subject/1539 651 4$aFrancia$xReligione.$0(OLS)http://pul/subject/29110 830 0$aRencontres ;$v38.$0(OLS)http://pul/title/41206 850 $aPUL 852 $aPUL$W1$xDP1 Fondo Pastorale$y55$mP3 D 48$j111297$nBK-PRI$b $qFondi$B111297$CPULBib$Z2$F111297 $HPUL685 $81 941 1 $a1 960 $aEucarestia$91539 960 $aComunione (sacramento)$91539 996 $6245$aL'église de france et la communion des enfants :$bquarante ans aprés le décret de Pie X$9(OLS)http://pul/title/113571 996 $6260$aParis :$bLes Éditions du Cerf$9(OLS)http://pul/publisher/47861